| 000 | 01306nam a2200229Ia 4500 | ||
|---|---|---|---|
| 999 |
_c40808 _d40808 |
||
| 001 | 7448 | ||
| 003 | GE_BSU | ||
| 005 | 20231215181002.0 | ||
| 008 | 181216s1985||||ge |||||||||||||| ||geo|| | ||
| 040 | _cGE_BSU | ||
| 041 | _ageo | ||
| 080 | _a821.353.1-91-1 დ-43 | ||
| 245 |
_aდედას ვუყვარვართ შვილები : ქართული ხალხური პოეზია : _b ლექსო, ამოგთქომ ; ლექსი ვეფხისა და მოყმისა ; შემომეყარა ყივჩაღი / _cშემდგ. შ. უშვერიძე ; მხატვ. ო. ქანდარია. |
||
| 264 |
_aქუთაისი : _bსაქ. რესპ. წიგნის მოყვარულთა საზ–ბა, _c1991. |
||
| 300 |
_a14 გვ. : _b ილ. ; _c20 სმ. |
||
| 653 | _aდედას ვუყვარვართ შვილები | ||
| 653 | _aქართული ხალხური პოეზია | ||
| 653 | _aქართული ხალხური პოეზია | ||
| 700 |
_aუშვერიძე, შ. _eშემდგენელი _920764 |
||
| 700 |
_aქანდარია, ო. _eმხატვარი _920765 |
||
| 942 |
_cBK _2udc |
||